Liga Profesional de Fútbol (LPF) - Estadísticas

Estadísticas generales
  • Esta prueba ha sido intentada 412 veces
  • La puntuación promedio es 25 de 28
Estadísticas de respuestas
Imagen Respuesta % Correcto
Boca Juniors
99%
River Plate
99%
Estudiantes de La Plata
98%
Independiente de Avellaneda
98%
Racing Club de Avellaneda
98%
Defensa y Justicia
97%
Newell's Old Boys
97%
San Lorenzo de Almagro
97%
Vélez Sarsfield
96%
Huracán de Almagro
95%
Lanús
95%
Rosario Central
93%
Talleres de Córdoba
93%
Colón de Santa Fe
91%
Argentinos Juniors
90%
Arsenal de Sarandí
90%
Banfield
90%
Gimnasia de La Plata
89%
Tigre
89%
Platense
88%
Atlético Tucumán
87%
Aldosivi
83%
Godoy Cruz
82%
Unión de Santa Fe
82%
Patronato
81%
Sarmiento de Junín
81%
Central Córdoba
79%
Barracas Central
77%
No se encontraron pruebas coincidentes
Distribución de puntuación
Porcentaje de gente con cada puntuación
Porcentaje por número respondido
Historial de tus puntuaciones
No has intentado esta prueba.